000
00274nam a22001217a 4500
082
_a
547 UNI'G
100
_a
GROGGINS, P.H
_9
78077
245
_a
UNIT PROCESSES IN ORGANIC SYNTHESIS
250
_a
5TH
260
_a
TOKYO
_b
MCGRAW HILL
_c
1958
300
_a
1970P
942
_c
BK
999
_c
583232
_d
583232